000 00835nam a22002177a 4500
005 2010081607207.0
010 _aENG-100641
020 _a9780195692532
_c495.00
035 _aEN-84174
037 _bDBAD/PUB
082 _a380.954
245 _aIndian infrastructure report 2008 :
_bbusiness models of the future /
260 _aNew Delhi
_bOxford University Press
_c2008
270 _aYMCA Library Building, Jai Singh Road
_bNew Delhi
_e110001
300 _a227p.
_c28cm (pbk)
500 _aIncludes bibliographical references
650 _aInfrastructure (Economics)
_914093
650 _aPublic-private sector cooperation
_914094
942 _2ddc
_cEN
_h380.954
_mIND
999 _c42192
_d42192